| 000 | 00721nas a2200241 4500 | ||
|---|---|---|---|
| 001 | BR8706235 | ||
| 003 | BR-BrBNA | ||
| 005 | 20231205090841.0 | ||
| 007 | ta | ||
| 008 | 230509b bl.|||p| |||| 00| 00por d | ||
| 040 |
_aBR-BrBNA _bpor _cBiblioteca Nacional de Agricultura |
||
| 041 | _a(Pt) | ||
| 072 | _aF60 | ||
| 100 | 1 | _aTeixeira, N.T. | |
| 100 | 1 | _aCobra Neto, A. | |
| 245 | 1 | _aEfeito de substancias quimicas na liberacao de nitrogenio da estrutura de aminoacidos | |
| 650 | _aNITROGENIO | ||
| 650 | _aAMINOACIDO | ||
| 650 | _aANALISE QUIMICA | ||
| 773 | 0 |
_tEcossistema (Brazil) _xISSN 0100-4107 _g(Oct 1986), v. 11 p. 128-131 _wBR8706235 |
|
| 909 |
_a202311 _bLúcia _c55 _dLúcia Elande |
||
| 942 |
_2AGRIS _n0 _cANA |
||
| 999 |
_c121243 _d121243 |
||